000 00492nam a2200169Ia 4500
999 _c35325
_d35325
003 OSt
005 20201211104139.0
008 190216s9999||||xx |||||||||||||| ||und||
040 _coclc
082 _a301.3295483
_bNAR/P
100 _aNarayanan, K
_97370
245 2 _aA Portrait Of Population /
_cK Narayanan
260 _bCensus Of India,
_c1973.
_aNew Delhi:
300 _a197p
650 _aPopulation
942 _cREF
_2ddc
_h301.3295483
_iNAR/P
_k301.3295483
_mNAR/P